000 01802cad a22002295a 4500
001 L152213
008 110915e20110812 000 0 eng u
035 _a(Sirsi) u152213
041 _aeng
050 _a306.0212
_c18
110 _aUnited Kingdom
_bOffice of National Statistics
_92035
245 _aConstruction statistics annual report 2011
_h[electronic resource]
260 _aNewport
_bONS
_c2011
490 0 _aONS Construction Statistics
_v(12) 2011
505 _aNew orders -- Output -- Structure of the industry -- Price indices -- Cost indices -- Investment -- Commercial floor space -- Government department's construction plans -- Local authority expenditure -- National Lottery funded construction projects -- Planning applications and decisions -- Trends in employment and the profession -- Northern Ireland, Wales and Scotland -- Building materials -- International comparison -- DTI Construction Innovation and Research Programme -- Key performance indicators and benchmarking
520 _aThis report brings together under one cover a wide range of statistics that are currently available on the construction industry from a variety of sources. It gives a broad perspective of statistical trends in the construction industry in Great Britain through the last decade together with some international comparisons and features on leading initiatives that may influence the future. Most of the tables are available in spreadsheet form, allowing independent analyses of the published information.
590 _aKA NTK
651 4 _aGreat Britain
_y1707-
690 _aBUILT ENVIRONMENT-CONSTRUCTION MARKET
856 4 0 _uhttps://www.ons.gov.uk/ons/search/index.html?newquery=construction+statistics+annual+report+2011
_zView this item free of charge at www.ons.gov.uk
942 _n0
999 _c111922
_d111922